000 00707nam a2200241Ia 4500
003 OSt
005 20220926000559.0
006 a|||||r|||| 00| 0
007 ta
008 220923b |||||||| |||| 00| 0 eng d
037 _cGeneral Book
040 _aRTL
_cRTL
_beng
041 _2eng
_aeng
082 _aY:5:5(Y).2.N7, L7
100 _aBarnabas A P
_9101860
245 0 _aPopulation cantrol in India
260 _a New Delhi
_bIndian Institute of Public Administration
_c1977
300 _avii,121p
_ccm.
500 _aBibliography: p 109-121; Appendix: p 85-108
650 _aDemography
942 _hY:5:5(Y).2.N7, L7
_cGB
_2CC
999 _c599333
_d599333